| 000 | 00494nam a2200157Ia 4500 | ||
|---|---|---|---|
| 008 | 230907s9999||||xx |||||||||||||| ||und|| | ||
| 082 |
_a620 _bHAS |
||
| 100 |
_aMuhammad Hassam Aziz (00000171685) _9116477 |
||
| 245 | 0 | _aPerformance Evaluation Of An On Grid 100 MW Quaid-E-Azam Solar Power Bahawalpur / | |
| 260 |
_aUSPCAS-E, NUST, _bIslamabad : _c2019 |
||
| 300 | _a88 p. | ||
| 520 | _aTH-178 | ||
| 650 | _aMS-EEP Thesis MS Thesis | ||
| 700 |
_aDr. Parvez Akhter _928950 |
||
| 942 |
_cTHE _2ddc |
||
| 999 |
_c601857 _d601857 |
||